000 00453nab a2200145Ia 4500
003 ES-SlBCS
005 20210601124921.0
008 140529s1978 xxu||||| |||| 00| 0 eng d
041 _aeng
100 1 _aGoldstick, Dan
_9138703
245 0 4 _aThe Truth-Conditions of Counterfactual Condictional Sentences
_c Dan Goldstick
650 0 4 _aCondiciones de Sentencia Condicionales
_9151428
773 0 _tMind
_gvol. 87, 1978, págs. 1-21
_wRev1408
942 _cAR
999 _c521665
_d521665